000 00564nam a2200181Ia 4500
008 090630s9999 xx 000 0 und d
082 _b23918
100 _aरणसिंग ना. बा.
245 _aपदच्युत.
_cरणसिंग ना. बा.
260 _bमंजुल - पुणे.
300 _a0
600 _aरणसिंग ना. बा.
630 _aपदच्युत.
655 _aकादंबरी.
700 _aरणसिंग ना. बा.
730 _aपदच्युत.
942 _cBOOK
999 _c275774
_d275774